[Event "GER-chT U20"]
[Site "Magdeburg"]
[Date "2023.12.30"]
[Round "7.5"]
[White "Trinh, Fabian Dat"]
[Black "Schroeder, Lennart"]
[Result "0-1"]
[WhiteElo "1875"]
[BlackElo "2107"]
[PlyCount "61"]
[EventDate "2023.12.26"]
[EventType "team-swiss"]
[EventRounds "7"]
[EventCountry "GER"]
[SourceTitle "CB03_2024"]
[SourceDate "2024.01.17"]
[SourceVersion "1"]
[SourceVersionDate "2024.01.17"]
[SourceQuality "1"]
[WhiteTeam "Hemer"]
[BlackTeam "Muenster 32"]
[WhiteTeamCountry "GER"]
[BlackTeamCountry "GER"]

1. d4 Nf6 2. Bf4 g6 3. Nc3 d5 4. e3 Bg7 5. Nb5 Na6 6. h3 0-0 7. Nf3 Bf5 8. Bd3 Ne4 9. 0-0 c6 10. Nc3 Nb4 11. Bxe4 Bxe4 12. Nxe4 dxe4 13. Nd2 f5 14. Bh2 c5 15. a3 Nc6 16. c3 Kh8 17. Rc1 Rc8 18. Qe2 cxd4 19. cxd4 e5 20. dxe5 Nxe5 21. Bxe5 Bxe5 22. Nc4 Bb8 23. b4 Qf6 24. Rfd1 Rfd8 25. g3 b6 26. Kf1 Kg8 27. Qb2 Qe6 28. Rxd8+ Rxd8 29. Nd2 Be5 30. Qc2 Qd5 31. Nb1 0-1

[Event "GER-chT U20"]
[Site "Muenster"]
[Date "2022.12.27"]
[Round "1"]
[White "Gallasch, Jonas"]
[Black "Trinh, Fabian Dat"]
[Result "1/2-1/2"]
[WhiteElo "2282"]
[BlackElo "1852"]
[PlyCount "116"]
[EventDate "2022.12.26"]
[EventType "team-swiss"]
[EventRounds "7"]
[EventCountry "GER"]
[SourceTitle "CBM 212 Extra"]
[Source "ChessBase"]
[SourceDate "2023.03.31"]
[SourceVersion "1"]
[SourceVersionDate "2023.03.31"]
[SourceQuality "1"]
[WhiteTeam "Porz SG"]
[BlackTeam "Hemer"]
[WhiteTeamCountry "GER"]
[BlackTeamCountry "GER"]

1. d4 d5 2. Nf3 Nf6 3. c4 e6 4. e3 Be7 5. b3 0-0 6. Bd3 b6 7. 0-0 Bb7 8. Bb2 Nbd7 9. Nc3 c5 10. cxd5 Nxd5 11. Nxd5 Bxd5 12. Qe2 cxd4 13. Bxd4 Bf6 14. e4 Bxd4 15. Nxd4 Bb7 16. Rfd1 Qe7 17. Rac1 Rac8 18. Qe3 Rfd8 19. e5 Rxc1 20. Rxc1 Nc5 21. Bc4 Qd7 22. Nb5 Ba6 23. Nd6 Bxc4 24. Rxc4 Nb7 25. Rd4 Qc6 26. h4 Nxd6 27. exd6 h6 28. Qe5 Qc5 29. Qxc5 bxc5 30. Ra4 Rxd6 31. Rxa7 Rc6 32. Ra4 Kf8 33. Kf1 Ke7 34. Ke2 Rc7 35. Rc4 Ra7 36. Rxc5 Rxa2+ 37. Ke3 Rb2 38. Rc7+ Kf6 39. Rb7 g6 40. b4 Ke5 41. Rb5+ Kf6 42. g3 g5 43. h5 Rb1 44. Rb7 Rh1 45. g4 Rb1 46. b5 Rb3+ 47. Ke2 Rb2+ 48. Kf3 Rb3+ 49. Kg2 Rb4 50. Kg3 Rb3+ 51. Kg2 Rb4 52. Kg3 Rb3+ 53. f3 Rb2 54. b6 Kg7 55. Kh3 Kf6 56. Kg3 Kg7 57. Kh3 Kf6 58. Kg3 Kg7 1/2-1/2

[Event "GER-chT Christmas U20"]
[Site "Playchess.com INT"]
[Date "2020.12.29"]
[Round "2.3"]
[White "Colbow, Collin"]
[Black "Trinh, Fabian Dat"]
[Result "1-0"]
[WhiteElo "2339"]
[BlackElo "1818"]
[PlyCount "59"]
[EventDate "2020.12.29"]
[EventType "team-swiss (blitz)"]
[EventRounds "7"]
[EventCountry "GER"]
[SourceTitle "CBM 200 Extra"]
[Source "ChessBase"]
[SourceDate "2021.03.31"]
[SourceVersion "1"]
[SourceVersionDate "2021.03.31"]
[SourceQuality "1"]
[WhiteTeam "Werder Bremen"]
[BlackTeam "Hemer"]
[WhiteTeamCountry "GER"]
[BlackTeamCountry "GER"]

1. e4 e5 2. Nf3 Nc6 3. Bc4 Bc5 4. d4 Bxd4 5. Nxd4 Nxd4 6. Be3 Nc6 7. Qg4 Qf6 8. Nc3 d6 9. Qg3 Nge7 10. Nb5 Kd8 11. 0-0-0 Be6 12. Bd5 a6 13. Bxc6 bxc6 14. Bg5 Qg6 15. Nxc7 Kxc7 16. Bxe7 Qxg3 17. Bxd6+ Kb6 18. hxg3 f6 19. f4 exf4 20. gxf4 h6 21. f5 Bf7 22. e5 fxe5 23. Bxe5 Rhg8 24. Rd7 Ra7 25. Bd4+ c5 26. Bxc5+ Kxc5 27. Rxa7 Bd5 28. Rxa6 Bxg2 29. Rg1 Be4 30. Rxh6 1-0

[Event "GER-chT U16"]
[Site "Aurich"]
[Date "2018.12.28"]
[Round "4.3"]
[White "Reimer, Philip"]
[Black "Trinh, Fabian Dat"]
[Result "1/2-1/2"]
[WhiteElo "1666"]
[BlackElo "1751"]
[PlyCount "70"]
[EventDate "2018.12.27"]
[EventType "team-swiss"]
[EventRounds "7"]
[EventCountry "GER"]
[SourceTitle "CBM 188 Extra"]
[Source "ChessBase"]
[SourceDate "2019.02.26"]
[SourceVersion "1"]
[SourceVersionDate "2019.02.26"]
[SourceQuality "1"]
[WhiteTeam "Lehrte"]
[BlackTeam "Hemer"]
[WhiteTeamCountry "GER"]
[BlackTeamCountry "GER"]

1. e4 e5 2. Nf3 Nc6 3. Bc4 Bc5 4. b4 Bxb4 5. c3 Be7 6. d4 Na5 7. Nxe5 Nxc4 8. Nxc4 d5 9. exd5 Qxd5 10. Ne3 Qd8 11. 0-0 Nf6 12. Ba3 0-0 13. Bxe7 Qxe7 14. Nd2 Rd8 15. Nb3 Be6 16. c4 b6 17. Qf3 c5 18. d5 Bd7 19. Rfe1 Qe4 20. Qe2 Ne8 21. Nd2 Qg6 22. Nf3 Bg4 23. Nxg4 Qxg4 24. Qc2 Nd6 25. Ne5 Qf5 26. Qxf5 Nxf5 27. Nc6 Re8 28. Kf1 Nd6 29. Rac1 Kf8 30. f3 f6 31. g4 g5 32. Rc2 Kf7 33. Rxe8 Rxe8 34. Nxa7 Ra8 35. Nc6 Ra4 1/2-1/2

[Event "GER-chT U16"]
[Site "Aurich"]
[Date "2018.12.27"]
[Round "1.3"]
[White "Trinh, Fabian Dat"]
[Black "Kracht, Raphael"]
[Result "1/2-1/2"]
[WhiteElo "1751"]
[BlackElo "2047"]
[PlyCount "67"]
[EventDate "2018.12.27"]
[EventType "team-swiss"]
[EventRounds "7"]
[EventCountry "GER"]
[SourceTitle "CBM 188 Extra"]
[Source "ChessBase"]
[SourceDate "2019.02.26"]
[SourceVersion "1"]
[SourceVersionDate "2019.02.26"]
[SourceQuality "1"]
[WhiteTeam "Hemer"]
[BlackTeam "Brackel"]
[WhiteTeamCountry "GER"]
[BlackTeamCountry "GER"]

1. d4 Nf6 2. Bf4 g6 3. e3 Bg7 4. Nf3 0-0 5. Be2 d6 6. h3 c5 7. c3 b6 8. Nbd2 Bb7 9. 0-0 Nbd7 10. a4 a6 11. Qb3 e5 12. dxe5 dxe5 13. Bh2 e4 14. Ne1 Qe7 15. Nc4 Qe6 16. Nc2 Bd5 17. N2a3 Ra7 18. Qc2 Ne8 19. Rfd1 b5 20. axb5 axb5 21. Nd2 b4 22. Nac4 Rxa1 23. Rxa1 bxc3 24. bxc3 Nef6 25. Nd6 Qe7 26. Bc4 Bxc4 27. N2xc4 Qe6 28. Ra7 Qd5 29. Qd2 Rb8 30. g4 Rb1+ 31. Kg2 Qe6 32. Ra8+ Bf8 33. Qc2 Rb8 34. Rxb8 1/2-1/2